Les pays "oubliés" par les papes - Statistiques

Statistiques générales
  • Ce quiz a été pris 91 fois
    62 depuis la dernière actualisation
  • Le résultat moyen est 41 sur 56
Statistiques - réponses
Continent Initiale Pays % de catholiques % Correct
Asie C Chine 1
87%
Afrique A Algérie 0.3
85%
Afrique S Somalie 0.1
85%
Afrique E Ethiopie 0.7
83%
Afrique D Djibouti 1.2
81%
Afrique E Erythrée 2
81%
Afrique N Niger 0.1
81%
Asie O Oman 2.1
81%
Océanie V Vanuatu 12.4
81%
Asie Y Yemen 0.01
81%
Europe A Andorre 88.2
79%
Asie O Ouzbékistan 1
79%
Asie Q Qatar 7.4
79%
Asie T Turkménistan 0.2
79%
Asie B Brunei 4.7
77%
Asie L Laos 0.6
77%
Afrique L Libye 0.01
77%
Europe M Moldavie 0.1
77%
Afrique N Namibie 13.7
77%
Europe R Russie 1.6
77%
Asie T Tadjikistan 0.1
77%
Asie V Vietnam 6.9
77%
Asie B Bhoutan 0.01
74%
Asie C Corée-du-Nord 0.7
74%
Amérique G Grenade 52
74%
Afrique L Liberia 6.8
74%
Afrique M Mauritanie 0.1
74%
Asie N Népal 0.1
74%
Europe S Serbie 4.9
74%
Océanie T Tuvalu 0.1
74%
Asie A Afghanistan 0.08
72%
Amérique B Barbade 4.2
72%
Asie K Kirghizistan 2
72%
Océanie K Kiribati 55.8
72%
Océanie P Palaos 41.6
72%
Océanie T Tonga 16
72%
Amérique A Antigua-et-Barbuda 11
70%
Europe B Biélorussie 7.1
70%
Asie C Cambodge 1
70%
Afrique C Comores 2
70%
Asie K Koweit 6.2
70%
Asie M Malaisie 4
70%
Europe M Monténégro 3.4
70%
Amérique S Saint-Vincent-et-les-Grenadines 13
70%
Asie A Arabie Saoudite 3.5
68%
Amérique G Guyana 8
68%
Océanie N Nauru 33
68%
Amérique D Dominique 61
66%
Europe I Italie 82.6
66%
Asie M Maldives 0.06
66%
Afrique S Sierra Leone 0.01
66%
Océanie M Micronésie 49
64%
Europe M Monaco 86
64%
Amérique S Saint-Christophe-et-Niévès 10
62%
Amérique S Suriname 21
57%
Océanie M Marshall 9.5
53%
Aucun quiz correspondant
Distribution des résultats
% des personnes avec chaque résultat
Percentile par nombre de réponses
Votre historique - résultats
Vous n’avez pas pris ce quiz depuis la dernière actualisation